000 00239nam a2200109Ia 4500
008 220204s9999 xx 000 0 und d
082 _a82-3
_bBAR
100 _aBarlow, James
245 0 _aLiner
260 _aLondon
_bPan
_c1977
942 _cBK
999 _c29285
_d29285